Statistics for Denver Nuggets All-Time Roster

Click here to take the quiz!

General Stats

  • This quiz has been taken 104 times
  • The average score is 6 of 12

Answer Stats

Post Player % Correct
PFCarmelo Anthony
96%
SFAlex English
89%
CDikembe Mutombo
87%
PGFat Lever
66%
SGDavid Thompson
63%
BNDan Issel
62%
BNMarcus Camby
41%
BNKiki Vandeweghe
34%
BNBobby Jones
17%
BNLarry Jones
15%
BNRalph Simpson
11%
BNT.J. Dunn
11%

Score Distribution

Percentile by Number Answered

Percent of People with Each Score

Your Score History

You have not taken this quiz